Central Library OPAC University of Rajshahi

How to change the world : (Record no. 59271)

MARC details
000 -LEADER
fixed length control field 00879nam a2200253 a 4500
001 - CONTROL NUMBER
control field 59271
003 - CONTROL NUMBER IDENTIFIER
rucl marc code BD-RjUL
005 - DATE AND TIME OF LATEST TRANSACTION
control field 20211209080718.0
008 - FIXED-LENGTH DATA ELEMENTS--GENERAL INFORMATION
fixed length control field 161222s2004 enkab b 001 0 eng
020 ## - INTERNATIONAL STANDARD BOOK NUMBER
International Standard Book Number 0195138058 (alk. paper)
035 ## - SYSTEM CONTROL NUMBER
System control number (BD-RjUL) 59395
040 ## - CATALOGING SOURCE
Original cataloging agency DLC
Transcribing agency DLC
Modifying agency DLC
-- BD-RjUL
Language of cataloging eng
041 ## - LANGUAGE CODE
Language code of text/sound track or separate title eng
082 00 - DEWEY DECIMAL CLASSIFICATION NUMBER
Classification number 361.2
Edition number 23
Author mark and year BOH 2004
100 1# - MAIN ENTRY--PERSONAL NAME
Personal name Bornstein, David.
9 (RLIN) 176288
245 10 - TITLE STATEMENT
Title How to change the world :
Remainder of title social entrepreneurs and the power of new ideas /
Statement of responsibility, etc. David Bornstein.
260 ## - PUBLICATION, DISTRIBUTION, ETC. (IMPRINT)
Place of publication, distribution, etc. Oxford ;
-- New York :
Name of publisher, distributor, etc. Oxford University Press,
Date of publication, distribution, etc. c2004.
300 ## - PHYSICAL DESCRIPTION
Pagination xi, 320 p. :
Illustrations ill. ;
Size 25 cm.
504 ## - BIBLIOGRAPHY, ETC. NOTE
Bibliography, etc Includes bibliographical references (p. 283-312) and index.
650 #0 - SUBJECT ADDED ENTRY--TOPICAL TERM
Topical term or geographic name as entry element Social action
Form subdivision Case studies.
9 (RLIN) 176289
Topical term or geographic name as entry element Social service
Form subdivision Case studies.
9 (RLIN) 176290
Topical term or geographic name as entry element Social reformers
Form subdivision Case studies.
9 (RLIN) 176291
942 ## - ADDED ENTRY ELEMENTS (KOHA)
Source of classification or shelving scheme Dewey Decimal Classification
Koha item type Books
Holdings
Lost status Source of classification or shelving scheme Damaged status Not for loan Collection code Permanent Location Current Location Shelving location Date acquired Total Checkouts Full call number Date last seen Copy number Koha item type
  Dewey Decimal Classification   Not For Loan Non-fiction Central Library, University of Rajshahi Central Library, University of Rajshahi Reading Room 10/09/2004   361.2 BOH 2004 22/12/2016 C-1 Books